Digitálna značka ako sa najlepšie značky presadzujú v digitálnom svete

Uložené v:
Podrobná bibliografia
Hlavný autor: Adamson, Allen P.
Médium: Kniha
Jazyk:Slovak
Vydavateľské údaje: Bratislava Eastone Books 2011
Predmet:
Tagy: Pridať tag
Žiadne tagy, Buďte prvý, kto otaguje tento záznam!

MARC

LEADER 00000nam a2200000 4500
001 0162136
005 20240104121435.1
020 |a 978-80-8109-192-6 
041 0 |a slo 
044 |a SK 
245 1 0 |a Digitálna značka  |b ako sa najlepšie značky presadzujú v digitálnom svete  |c Allen P. Adamson 
264 1 |a Bratislava  |b Eastone Books  |c 2011 
300 |a 200 s. 
610 2 0 |a značky výrobné 
610 2 0 |a značky výrobkov 
610 2 0 |a internet 
610 2 0 |a digitalizácia 
610 2 0 |a zákazníci 
610 2 0 |a produkty 
610 2 0 |a známky ochranné 
100 1 |a Adamson, Allen P.